|
|
|
|
| LEADER |
00000cam a2200000 a 4500 |
| 001 |
vtls001078589 |
| 003 |
SK-MaSNL |
| 005 |
20260301153213.0 |
| 008 |
250414s1994 xo e 00000 slo |
| 015 |
|
|
|a SNBA1994
|
| 020 |
|
|
|q (brož.)
|
| 035 |
|
|
|a SNK000021424
|
| 040 |
|
|
|a SNK
|b slo
|c SNK
|e AACR2
|
| 041 |
|
|
|a slo
|b eng
|
| 044 |
|
|
|a xo
|c SK
|
| 080 |
|
|
|a 338.1:330.115(048.83)
|2 1981
|
| 080 |
|
|
|a 330.115
|2 1981
|
| 100 |
1 |
|
|a Stratil, Dalimil
|4 aut
|9 377370
|
| 245 |
1 |
0 |
|a Kombinované ukazovatele hospodárskeho vývoja a ich analytická aplikácia
|c Dalimil Stratil
|
| 260 |
|
|
|a Bratislava
|b Prognostický ústav SAV
|c 1994
|e Bratislava
|f Prognostický ústav SAV
|
| 300 |
|
|
|a 38 s.
|b sch.
|c 29 cm
|
| 366 |
|
|
|e 40 výtl.
|
| 490 |
1 |
|
|a Pracovné materiály = Working Papers
|v č. 7
|x 0862-9137
|
| 504 |
|
|
|a Obsahuje bibliografiu
|
| 546 |
|
|
|a Res. angl.
|
| 650 |
0 |
7 |
|a ekonomický rozvoj
|2 SNKPH
|9 49952
|
| 655 |
|
7 |
|a štúdie
|2 SNKPH
|9 57033
|
| 830 |
|
0 |
|a Pracovné materiály = Working Papers
|9 278233
|
| 852 |
|
|
|a Slovenská národná knižnica
|
| 958 |
|
|
|a APR
|
| 958 |
|
|
|a TL
|
| 958 |
|
|
|a NB
|
| 999 |
|
|
|c 791985
|d 793915
|
| 952 |
|
|
|a SNK
|b SNK
|y PREZ
|7 0
|p 17A0906538
|o snkSB 53915
|i snkKSP 3950/95
|0 0
|1 0
|4 0
|d 2015-10-01
|l 0
|r 2025-03-26 00:00:00
|w 2026-02-24
|